000 00816nam2a2200241 4500
001 RU\NLR\BIBL_A\012024195
005 20190815114707.0
010 _a978-5-6042144-9-7
_9500
021 _aRU
_bАЛ-П-19-00281и
_9АЛ-П-19-0055
035 _a(NLR Aleph) 012024195
090 _a11517333
_c11517333
100 _a20190528d2019 d y0rusy50 ca
101 0 _arus
102 _aRU
105 _a t 000
200 0 _aТ. 2
210 _d[2019]
215 _a[137] с.
_cцв. ил.
461 0 _1001RU\NLR\BIBL_A\012029744
_12001#$aShadrow$e[комикс]$fЛюбовь Чугуй$vТ. 2
_911544954
_c[Москва]
_d[2019]
_fЛюбовь Чугуй
_nКомикс Паблишер
_o[комикс]
_tShadrow
_vТ. 2
942 _cBOOK
980 _aNB